Germany's economic remedy / (Record no. 16614)

MARC details
000 -LEADER
fixed length control field 00629cam a22002291a 4500
001 - CONTROL NUMBER
control field ca 30000317
003 - CONTROL NUMBER IDENTIFIER
control field DLC
005 - DATE AND TIME OF LATEST TRANSACTION
control field 20260227111122.0
008 - FIXED-LENGTH DATA ELEMENTS--GENERAL INFORMATION
fixed length control field 820708s1921 gw 000 0 eng
010 ## - LIBRARY OF CONGRESS CONTROL NUMBER
LC control number ca 30000317
035 ## - SYSTEM CONTROL NUMBER
System control number (OCoLC)8583538
040 ## - CATALOGING SOURCE
Original cataloging agency DLC
Transcribing agency InMuB
Modifying agency DLC
042 ## - AUTHENTICATION CODE
Authentication code premarc
043 ## - GEOGRAPHIC AREA CODE
Geographic area code e-ge---
050 00 - LIBRARY OF CONGRESS CALL NUMBER
Classification number HC286.3
Item number .H35
100 0# - MAIN ENTRY--PERSONAL NAME
Personal name Parvus.
245 10 - TITLE STATEMENT
Title Germany's economic remedy /
Statement of responsibility, etc. by Parvus.
260 ## - PUBLICATION, DISTRIBUTION, ETC.
Place of publication, distribution, etc. Berlin :
Name of publisher, distributor, etc. Verlag für Wiederaufbau und Weltwirtschaft,
Date of publication, distribution, etc. 1921.
300 ## - PHYSICAL DESCRIPTION
Extent 36 p. ;
Dimensions 24 cm.
651 #0 - SUBJECT ADDED ENTRY--GEOGRAPHIC NAME
Geographic name Germany
General subdivision Economic conditions
Chronological subdivision 1918-1945.
650 #0 - SUBJECT ADDED ENTRY--TOPICAL TERM
Topical term or geographic name entry element Finance
Geographic subdivision Germany.

No items available.

Powered by Koha